000
00292 a2200109 4500
001
ART_7002
005
20260410161622.0
008
260409a
245
1
0
_a
Prima de emisión de acciones
100
1
_a
Piñeiro, Horacio
773
0
_t
Enfoques
_g
- Nº 3 (mar. 2011)
_w
REV416
999
_c
11650
_d
11650